Don Quijote de la Mancha VI

Na minha lista:
Detalhes bibliográficos
Autor principal: Cervantes Saavedra, Miguel de
Formato: Livro
Idioma:Undetermined
Publicado em: Madrid, España Espasa Calpe 1969
Assuntos:
Tags: Adicionar Tag
Sem tags, seja o primeiro a adicionar uma tag!

MARC

LEADER 00000nam a2200000Ia 4500
008 170316s9999 xx 000 0 und d
040 |a cru BVZT 
090 |a 862 C-37d v.6 
100 |a Cervantes Saavedra, Miguel de 
245 |a Don Quijote de la Mancha VI 
260 |a Madrid, España 
260 |b Espasa Calpe 
260 |c 1969 
300 |a 342 páginas Tomo VI 
650 |a LITERATURA ESPAÑOLA 
650 |a NOVELA 
999 |c 9688  |d 9688 
942 |c 15 D  |h 862 C-37d v.6  |2 z